| 000 | 00582nam a2200205Ia 4500 | ||
|---|---|---|---|
| 003 | OSt | ||
| 005 | 20230531095517.0 | ||
| 008 | 210423s2002 xx 000 0 und d | ||
| 040 | _cAL | ||
| 041 | _aeng | ||
| 082 |
_a153.8TOLH _223 |
||
| 100 |
_aTOLLEY (Harry);THOMAS (Ken) _9117536 |
||
| 245 | _aHow to pass verbal reasoning tests | ||
| 260 |
_aNew Delhi _bKogan Page Ltd _c2002 |
||
| 365 |
_b150 _cINR |
||
| 650 |
_aMental Process & Intelligence _9117537 |
||
| 650 |
_aPsychology _9117538 |
||
| 906 | _aHow ; pass ; reasoneng ; reasoning ; tests. ; verbal | ||
| 942 |
_2ddc _cBK |
||
| 999 |
_c173667 _d173667 |
||